| 000 | 00575nam a2200193Ia 4500 | ||
|---|---|---|---|
| 999 |
_c3070 _d3070 |
||
| 003 | OSt | ||
| 005 | 20200817122952.0 | ||
| 008 | 190216s9999||||xx |||||||||||||| ||und|| | ||
| 020 | _a9788121917872 | ||
| 040 | _coclc | ||
| 082 |
_a546 _bPRA/A |
||
| 100 |
_aPrakash, Satya _94155 |
||
| 245 | 0 |
_aAdvanced Inorganic Chemistry / _cSatya Prakash ; G D Tuli ; S K Basu ; R D Madan |
|
| 250 | _a17th Ed. | ||
| 260 |
_bS Chand And Company, _c1999. _aNew Delhi: |
||
| 300 | _a495p | ||
| 650 | _aChemistry-Chemistry | ||
| 942 |
_cBK _2ddc _h546 _iPRA/A _k546 _mPRA/A |
||